000 00539nam 22001813 4500
001 201182
090 _a201182
100 _a20240125d u||y0pory50 ba
200 _aDe bom humor
_fBrito Camacho
210 _aLisboa
_cGuimarĂ£es
_d[19--?]
215 _a221, [2] p.
_cbrochado
_d19 cm
300 _a.- Assinatura do Prof. Dr. Almeida faria na folha de guarda
606 _aLiteratura Portuguesa
_96
675 _a821.134.3-3
_vPT
_zpor
700 _93651
_aCamacho
_bBrito
801 _aPT
_bBMMN
_gRPC
830 _cAna Falardo
_fAna Falardo
990 _cLIVROS